Hacia una protección efectiva de los derechos humanos en América /
Сохранить в:
| Главный автор: | |
|---|---|
| Формат: | Текст |
| Предметы: | |
| Метки: |
Добавить метку
Нет меток, Требуется 1-ая метка записи!
|
MARC
| LEADER | 00000 a a2200000 04500 | ||
|---|---|---|---|
| 001 | 16462 | ||
| 003 | |||
| 040 | |||
| 100 | |a Rabasa, Emilio O. | ||
| 245 | |a Hacia una protección efectiva de los derechos humanos en América / |c Emilio O. Rabasa | ||
| 650 | |a DERECHOS HUMANOS | ||
| 650 | |a ACUERDOS INTERNACIONALES | ||
| 650 | |a JURISPRUDENCIA | ||
| 650 | |a DERECHO INTERNACIONAL | ||
| 773 | |g número 54; páginas 150-156 | ||
| 999 | |c 28793 |d 28793 | ||
